| 000 | 00646cab a2200241 4500 | ||
|---|---|---|---|
| 001 | ABS51882 | ||
| 008 | 090401t1994 xxu||||| |||| 00| 0 eng d | ||
| 035 | _a(Sirsi) u48657 | ||
| 041 | _aeng | ||
| 100 | _aBilmon, J. | ||
| 245 | _aPartnering - who understands the concept? | ||
| 260 | _c1994 | ||
| 350 | _a0 | ||
| 490 |
_aBuilding Economist _vDecember 1994, 15-17(3) |
||
| 520 | _aLooks at partnering with regard to the role of the design professional. | ||
| 650 | _aCOOPERATIVE CONTRACTING | ||
| 650 | _aDESIGN | ||
| 650 | _aNOVATION | ||
| 650 | _aPARTNERING | ||
| 690 | _aBUILT ENVIRONMENT | ||
| 942 | _n0 | ||
| 948 | _c04/03/1997 | ||
| 999 |
_c30562 _d30562 |
||